Представление документа в формате RUSMARC

ПолеНазваниеЗначение
  Тип записи a
  Библиографический уровень m
001 Контрольный номер RU/SLIB/B/208755452
005 Дата корректировки 20201206204150.4
010 Индекс ISBN __
d Цена 600-00
101 Язык документа __
a Язык текста rus
200 Заглавие и сведения об ответственности 1_
a Заглавие Образцы древнерусского певческого искусства
e Сведения, относящиеся к заглавию муз. материал с ист.-теорет . коммент. и ил.
f Первые сведения об ответственности Успенский Н. Д.
b Общее обозначение материала Текст
205 Сведения об издании __
a Основные сведения об издании 2-е изд., доп.
210 Выходные данные __
a Место издания Л.
c Издательство Музыка
d Дата издания 1971
215 Физическое описание __
a Объем 670 с.
c Иллюстрации/тип воспроизводства ноты
606 Тематические рубрики __
a Основная рубрика Музыка и зрелищные искусства
606 Тематические рубрики __
a Основная рубрика Вокальная музыка
610 Ключевые слова __
a Ключевые слова певческое искусство; музыкальная культура; музыкальный фольклор
686 Индексы других классификаций __
a Классификационный индекс 85.314
a Классификационный индекс 85.941
700 Автор __
a Фамилия Успенский
b Имя Н. Д.
4 Код отношения 070
801 Источник записи _0
a Страна RU
b Организация Муниципальное бюджетное учреждение культуры "Централизованная библиотечная система" г. Сургут (Центральная городская библиотека им. А. С. Пушкина)
g Правила каталогизации КиК/Уланова
801 Источник записи _1
a Страна RU
b Организация Муниципальное бюджетное учреждение культуры "Централизованная библиотечная система" г. Сургут (Центральная городская библиотека им. А. С. Пушкина)
g Правила каталогизации КиК/Уланова
852 Данные о местонахождении __
j Шифр хранения 85.314
c Каталожный индекс 85.314; 85.941
i Авторский знак У 77
p Инвентарный номер 54515
901 Тип документа __
t Тип документа m
990 Данные о заказе (DOS) __
j Количество экземпляров (DOS) 1